Mobile universe AppGuide : iPAD & iPhone : διαλέξτε έξυπνα τις εφαρμογές σας!

Αποθηκεύτηκε σε:
Λεπτομέρειες βιβλιογραφικής εγγραφής
Συγγραφή απο Οργανισμό/Αρχή: RAM
Μορφή: Βιβλίο
Γλώσσα:Greek
Δημοσίευση: [Αθήνα] : [4π Ειδικές Εκδόσεις Α.Ε.], [2011]
Θέματα:
Ετικέτες: Προσθήκη ετικέτας
Δεν υπάρχουν, Καταχωρήστε ετικέτα πρώτοι!

MARC

LEADER 00000cam a2200000 i 4500
001 1/16299
008 111108s2011 gre d
035 |l 10111303 
040 |a GR-MY-UA  |b gre  |e aacr 
041 0 |a gre 
082 0 |a 006.754  |2 (22) 
245 1 0 |a Mobile universe AppGuide :  |b iPAD & iPhone : διαλέξτε έξυπνα τις εφαρμογές σας! /  |c Ram 
260 |a [Αθήνα] :   |b [4π Ειδικές Εκδόσεις Α.Ε.],   |c [2011] 
300 |a 95 σ.;  |b έγχρ. εικ.;  |c 24 εκ. 
500 |a Διανέμεται με το RAM Σεπτεμβρίου 2011 
650 0 0 |a iPad (Computer)  |x Programming. 
650 0 0 |a iPhone (Smartphone)  |x Programming. 
650 0 0 |a Application software  |x Development. 
650 0 0 |a iPad (Computer)  |x Computer Software. 
650 0 0 |a iPhone (Smartphone)  |x Computer Software. 
650 0 0 |a Application software  |x Design. 
710 2 |a RAM. 
852 |a INST  |b CHIOS  |e 20111108  |h 005.265 MOB  |p 005200033403  |q 005200033403  |t BK  |y 0 
901 |a BIBL2-2011-3 
909 |a Χ  |b 168786 
970 |a ΣΑΛΑΜΟΥΡΑ  |b ΜΑΡΙΑ  |z 2011/11/08